K hodnocení úrovně rozvoje ekonomické globalizace světa, k postavení České republiky v globalizovaném světovém hospodářství, základní výzvy rozvoje ekonomické vědy v aplikaci OPF v Karviné

Ekonomická globalizácia sveta. Základné produktívne faktory: kapitál, práca, pôda. Postavenie Českej republiky v globalizovanom svetovom hospodárstve. Základné výzvy rozvoja ekonomickej vedy - aplikácia na Obchodno-podnikateľskej fakulte v Karvinej.

Salvato in:
Dettagli Bibliografici
Autore principale: Balhar, Víťazoslav
Natura: Capitolo di libro
Lingua:ceco
Soggetti:
Tags: Aggiungi Tag
Nessun Tag, puoi essere il primo ad aggiungerne!!

MARC

LEADER 00000nla$a2200000$$$4500
001 0091661
005 20240502083232.9
041 0 |a cze 
044 |a CZ 
245 1 0 |a K hodnocení úrovně rozvoje ekonomické globalizace světa, k postavení České republiky v globalizovaném světovém hospodářství, základní výzvy rozvoje ekonomické vědy v aplikaci OPF v Karviné  |c Víťazoslav Balhar 
520 |a Ekonomická globalizácia sveta. Základné produktívne faktory: kapitál, práca, pôda. Postavenie Českej republiky v globalizovanom svetovom hospodárstve. Základné výzvy rozvoja ekonomickej vedy - aplikácia na Obchodno-podnikateľskej fakulte v Karvinej. 
610 2 0 |a globalizácia 
610 2 0 |a hospodárstvo svetové 
610 2 0 |a kapitalizmus 
610 2 0 |a faktory výrobné 
610 2 0 |a rozvoj hospodársky 
610 2 0 |a veda ekonomická 
610 2 0 |a Česko 
610 2 0 |a svet 
100 1 |a Balhar, Víťazoslav